00610cam a2200217 a 450000100060000000300080000600500170001400800410003102000220007203500190009404000300011304100080014308200180015110000330016924500450020225000120024726000500025930000210030950400420033065000200037223259BD-RjUL20211209000918.0140310t19881981enk b 001 0 eng d a0333323726 (pbk.) a(BD-RjUL)23324 aMHcMHdDLCdBD-RjULbeng aeng00a900bMAN 19881 aMarwick, Arthur,d1936-2006.14aThe nature of history /cArthur Marwick. a2nd ed. aLondon :bMacmillan,c c1970 [Reprinted 1988] a316 p. ;c22 cm. aBibliography: p. [289]-296. and Index 0aHistoriography.